study th kinds of weed in dry season rice and weed control by farmers in battambang province (ការសិក្សាអំពីប្រភេទរុក្ខជាតិចង្រៃលើស្រៃប្រាំង និង វិធានការកំចាត់របស់កសិករក្នុងខេត្តបាត់ដំបង​) (Record no. 843)

000 -LEADER
fixed length control field 00723nam a22001577a 4500
003 - CONTROL NUMBER IDENTIFIER
control field OSt
005 - DATE AND TIME OF LATEST TRANSACTION
control field 20150919145533.0
008 - FIXED-LENGTH DATA ELEMENTS--GENERAL INFORMATION
fixed length control field 150919b xxu||||| |||| 00| 0 eng d
040 ## - CATALOGING SOURCE
Transcribing agency RUA
082 ## - DEWEY DECIMAL CLASSIFICATION NUMBER
Classification number AGR MEA 2004 B030 Or.1
100 ## - MAIN ENTRY--PERSONAL NAME
9 (RLIN) 874
Personal name MENG, RANEL.
245 ## - TITLE STATEMENT
Title study th kinds of weed in dry season rice and weed control by farmers in battambang province (ការសិក្សាអំពីប្រភេទរុក្ខជាតិចង្រៃលើស្រៃប្រាំង និង វិធានការកំចាត់របស់កសិករក្នុងខេត្តបាត់ដំបង​)
260 ## - PUBLICATION, DISTRIBUTION, ETC. (IMPRINT)
Place of publication, distribution, etc. Phnom Penh
Name of publisher, distributor, etc. RUA
Date of publication, distribution, etc. 2004
300 ## - PHYSICAL DESCRIPTION
Extent 44p.
Other physical details ill.
Dimensions 29cm.
942 ## - ADDED ENTRY ELEMENTS (KOHA)
Source of classification or shelving scheme
Koha item type AGR
Holdings
Price effective from Date last seen Permanent Location Not for loan Date acquired Source of classification or shelving scheme Koha item type Lost status Withdrawn status Total Renewals Date last checked out Total Checkouts Damaged status Barcode Current Location Full call number
2015-09-192023-12-13Library Block B 2015-09-19 AGR  12023-11-202 RUA001167Library Block BAGR MEA 2004 B030 Or.1
2016-01-262023-12-11Library Block B 2016-01-26 AGR   2023-11-202 RUA046217Library Block BAGR MEA 2004 B030 Or.2
មជ្ឈមណ្ឌលឯការនៃសាកលវិទ្យាល័យភូមិន្ទកសិកម្មចំការដូង

Powered by Koha